Đại tá không biết đùa Tiểu thuyết

Guardat en:
Dades bibliogràfiques
Autor principal: Lê Lựu
Format: Llibre
Idioma:Vietnamese
Publicat: H. Văn học 1998
Matèries:
Etiquetes: Afegir etiqueta
Sense etiquetes, Sigues el primer a etiquetar aquest registre!
Thư viện lưu trữ: Mạng thư viện Đại học Đà Nẵng
LEADER 01059nam a22003498a 4500
001 000014772
003 11142
005 20120514140502.0
008 120514s1998 b 000 0 od
020 |c 15500đ  |d 500b 
041 0 |a 9808 
041 0 |a vie 
080 |a V23 
082 |a 895.9223  |b LÊ-L 
084 |a V6(1)7-44  |b Đ000ạ 
100 1 |a Lê Lựu 
245 1 0 |a Đại tá không biết đùa  |b Tiểu thuyết  |c Lê Lựu 
260 |a H.  |b Văn học  |c 1998 
300 |a 191tr  |c 19cm 
653 |a Việt Nam 
653 |a Văn học hiện đại 
653 |a tiểu thuyết 
OWN |a LSP 
AVA |a UDN50  |b LSP  |d 895.9223 LÊ-L  |e available  |t Error 5001 Not defined in file expand_doc_bib_avail.  |f 1  |g 0  |h N  |i 0  |k 1 
999 |a From the UDN01 
AVA |a UDN50  |b LSP  |d 895.9223 LÊ-L  |e available  |t Error 5001 Not defined in file expand_doc_bib_avail.  |f 1  |g 0  |h N  |i 0  |k 1 
TYP |a Monograph 
TYP |a Printed language 
980 |a Mạng thư viện Đại học Đà Nẵng